Statistics for Top Gear F1 Driver Laps

Click here to take the quiz!

General Stats

  • This quiz has been taken 217 times
    (157 since last reset)
  • The average score is 11 of 15

Answer Stats

Appearance Time Name % Correct
Series 19, 20131:42.9Lewis Hamilton
99%
Series 10, 20071:44.7 (wet & oily)Lewis Hamilton
99%
Series 17, 20111:44.0Sebastian Vettel
95%
Series 8, 20061:44.7 (hot)Jenson Button
86%
Series 14, 20091:44.9 (wet)Jenson Button
86%
Series 20, 20131:43.1Mark Webber
84%
Series 6, 20051:47.1 (extremely wet)Mark Webber
84%
Series 13, 2009DNFMichael Schumacher
65%
Series 22, 20151:42.2Daniel Ricciardo
64%
Series 18, 20121:46.1 (very wet)Kimi Räikkönen
62%
Series 15, 20101:44.3Rubens Barrichello
57%
Series 7, 20051:44.6Nigel Mansell
56%
Series 6, 20051:46.3Damon Hill
53%
Series 8, 20061:44.4Ben Collins (The Second Stig)
30%
1:46.0Perry McCarthy (The First Stig)
30%

Score Distribution

Percentile by Number Answered

Percent of People with Each Score

Your Score History

You have not taken this quiz since the last reset